Energy for rural development : (Record no. 288)

MARC details
000 -LEADER
fixed length control field 01582cam a2200301 a 4500
001 - CONTROL NUMBER
control field 3933185
003 - CONTROL NUMBER IDENTIFIER
control field OSt
005 - DATE AND TIME OF LATEST TRANSACTION
control field 20230605110539.0
008 - FIXED-LENGTH DATA ELEMENTS--GENERAL INFORMATION
fixed length control field 920804s1992 enkab b 101 0 eng
010 ## - LIBRARY OF CONGRESS CONTROL NUMBER
LC control number 92194870
020 ## - INTERNATIONAL STANDARD BOOK NUMBER
International Standard Book Number 1856490378
040 ## - CATALOGING SOURCE
Original cataloging agency DLC
Transcribing agency DLC
Modifying agency DLC
050 00 - LIBRARY OF CONGRESS CALL NUMBER
Classification number TJ163.15
Item number .E53345 1992
082 00 - DEWEY DECIMAL CLASSIFICATION NUMBER
Classification number 333.7915091734
Edition number 20
Item number BHA
245 00 - TITLE STATEMENT
Title Energy for rural development :
Remainder of title proceedings of the United Nations Group of Experts on the Role of New and Renewable Sources of Energy in Integrated Rural Development, organized by the New and Renewable Sources of Energy Section, Department of International Economic and Social Affairs (DIESA), United Nations, at Stockholm, Sweden, 22-26 January 1990 /
Statement of responsibility, etc. edited and introduced by M.R. Bhagavan & Stephen Karekezi.
260 ## - PUBLICATION, DISTRIBUTION, ETC. (IMPRINT)
Place of publication, distribution, etc. London ;
-- New Jersey :
Name of publisher, distributor, etc. Zed Books,
Date of publication, distribution, etc. 1992.
300 ## - PHYSICAL DESCRIPTION
Extent xv, 258 p. :
Other physical details ill., 1 map ;
Dimensions 23 cm.
504 ## - BIBLIOGRAPHY, ETC. NOTE
Bibliography, etc Includes bibliographical references and index.
650 #0 - SUBJECT ADDED ENTRY--TOPICAL TERM
Topical term or geographic name as entry element Power resources
General subdivision Congresses.
650 #0 - SUBJECT ADDED ENTRY--TOPICAL TERM
Topical term or geographic name as entry element Rural development
General subdivision Congresses.
700 1# - ADDED ENTRY--PERSONAL NAME
Personal name Bhagavan, M. R.,
Dates associated with a name 1934-
700 1# - ADDED ENTRY--PERSONAL NAME
Personal name Karekezi, Stephen.
710 2# - ADDED ENTRY--CORPORATE NAME
Corporate name or jurisdiction name as entry element United Nations.
Subordinate unit Group of Experts on the Role of New and Renewable Sources of Energy in Integrated Rural Development.
710 2# - ADDED ENTRY--CORPORATE NAME
Corporate name or jurisdiction name as entry element United Nations.
Subordinate unit Department of International Economic and Social Affairs.
-- New and Renewable Sources of Energy Section.
906 ## - LOCAL DATA ELEMENT F, LDF (RLIN)
a 7
b cbc
c orignew
d 2
e ncip
f 19
g y-gencatlg
942 ## - ADDED ENTRY ELEMENTS (KOHA)
Source of classification or shelving scheme Dewey Decimal Classification
Koha item type Books
Holdings
Withdrawn status Lost status Source of classification or shelving scheme Damaged status Not for loan Home library Current library Date acquired Total Checkouts Full call number Barcode Date last seen Price effective from Koha item type
    Dewey Decimal Classification     Bunge Tower Library Bunge Tower Library 06/05/2023   333.7915091734 BHA 10014787 06/05/2023 06/05/2023 Books
LIBRARY OPENING HOURS

When the Parliament is sitting: 8.00a.m - 7.00p.m or until the house adjourns
Mondays and Fridays and when the House is on Recess:  8.00a.m - 5.00p.m
Closed on Weekends and Public Holidays

Online Public Access Catalog (OPAC)
Website: http://www.parliament.go.ke
Bunge Library: https://libraryir.parliament.go.ke
Contact: library@parliament.go.ke | Tel no: (254-2)2221291 or 2848000 Ext 5043